| 000 | 01334cas a2200313 4500 | ||
|---|---|---|---|
| 005 | 20180803170122.0 | ||
| 008 | 781013c19699999bl fr p 0 b0porrc | ||
| 022 | _a0374-5686 | ||
| 040 |
_aTXA _cTXA _dHUL _dDLC _dOCL _dNSD _dNST _dBSS _dSYS _dOCL _dOCLCQ _dNLGGC _dDLC _dOCLCQ _dHEBIS _dGBVCP _dUKMGB _dDLC _dOCLCQ _dOCLCF _dOCLCO _dIXA _dOCLCO _dCO-BoIAVH |
||
| 041 | 0 |
_aeng _apor |
|
| 044 | _abl | ||
| 090 | _aSE | ||
| 245 | 0 | 0 | _aArquivos de ciências do mar. |
| 260 |
_aFortaleza (Brasil) : _bUniversidade Federal do Ceará, _c1969-. |
||
| 300 |
_bilustraciones ; _c29 x 21 cm |
||
| 310 |
_b2007- _af |
||
| 321 |
_aa _b1998-2006 |
||
| 321 |
_af _b1997 |
||
| 650 | 2 | 6 |
_aBiología marina _vPublicaciones periódicas |
| 650 | 2 | 6 |
_aBiología marina _zBrasil _vPublicaciones periódicas |
| 650 | 2 | 6 |
_aPeces _vPublicaciones periódicas |
| 650 | 2 | 6 |
_aPeces _zBrasil _vPublicaciones periódicas |
| 650 | 2 | 6 |
_aRecursos pesqueros _zBrasil _vPublicaciones periódicas |
| 650 | 2 | 6 | _aOceanografía |
| 710 | 2 |
_aUniversidade Federal do Ceará _bLaboratório de Ciências do Mar |
|
| 776 | 0 | 8 |
_iOnline version: _tArquivos de ciências do mar _w(DLC) 2016240177 _w(OCoLC)656166372 |
| 780 | 0 | 0 |
_tArquivos da Estação de Biologia Marinha da Universidade Federal do Ceará _w(OCoLC)5437128 |
| 942 |
_2lcc _cREVISTA |
||
| 999 |
_c17263 _d17263 |
||